[Event "AUTO-OPEN-1580"]
[Site "http://www.queenalice.com/game.php?id=599567"]
[Date "2009.6.7"]
[Round "1"]
[White "vilmar357"]
[Black "ajr"]
[Result "1-0"]
[WhiteElo "1600"]
[BlackElo "1811"]

1. e4 e5 2. Nf3 d6 3. Nc3 Bg4 4. Bc4 c6 5. a4 Nf6 6. h3 Bxf3 7. Qxf3 a6 8. b4
Qb6 9. d3 Qxb4 10. Bd2 Qb2 11. O-O Qxc2 12. Rfd1 Qb2 13. a5 b5 14. Ra2 Qb4 15.
Na4 Qxa4 16. Rxa4 bxa4 17. Bg5 Nbd7 18. Bxf6 Nxf6 19. Ra1 d5 20. exd5 cxd5 21.
Bxd5 Nxd5 22. Qxd5 Ra7 23. Qxe5+ Kd8 24. Qb8+ 1-0

[Event "AUTO-OPEN-1580"]
[Site "http://www.queenalice.com/game.php?id=599568"]
[Date "2009.6.7"]
[Round "1"]
[White "ajr"]
[Black "vilmar357"]
[Result "1/2-1/2"]
[WhiteElo "1712"]
[BlackElo "1602"]

1. d4 d6 2. c4 c5 3. d5 e5 4. Nc3 a6 5. h3 h6 6. e4 Nf6 7. g4 g5 8. f3 b6 9.
Qa4+ Bd7 10. Qc2 a5 11. a4 Na6 12. b3 Nb4 13. Qd2 Ng8 14. Ba3 f6 15. Nb5 Bxb5
16. cxb5 Ne7 17. Bxb4 cxb4 18. Rc1 Rc8 19. Ne2 Bg7 20. Ng3 O-O 21. Nf5 Nxf5 22.
gxf5 Rc7 23. Bd3 Qc8 24. O-O Rc5 25. Rxc5 Qxc5+ 26. Kg2 Rc8 27. Bc4 Kh7 28. Rc1
h5 29. Rc2 Bh6 30. Qf2 h4 31. Qxc5 Rxc5 32. Bd3 Rxc2+ 33. Bxc2 Bf8 34. Bd1 Bg7
35. Kf2 Bf8 36. f4 gxf4 37. Kf3 Bh6 38. Kg4 Bg5 39. Kh5 Kg7 40. Be2 Kh7 41. Bf3
Kg7 42. Bg4 Kh7 43. Be2 1/2-1/2

[Event "AUTO-OPEN-1580"]
[Site "http://www.queenalice.com/game.php?id=599569"]
[Date "2009.6.7"]
[Round "1"]
[White "vilmar357"]
[Black "amalcas"]
[Result "1-0"]
[WhiteElo "1565"]
[BlackElo "1639"]

1. e4 e5 2. Nf3 Nf6 3. Nc3 Bc5 4. h3 d5 5. exd5 e4 6. Qe2 Bf5 7. d3 Nxd5 8. Bd2
Nxc3 9. Bxc3 O-O 10. dxe4 Be6 11. g4 Nc6 12. a3 a5 13. b3 a4 14. bxa4 Rxa4 15.
Bb2 Bc4 16. Qd1 Qxd1+ 17. Rxd1 Bxa3 18. Ra1 Bb4+ 19. c3 Rxa1+ 20. Bxa1 Bxf1 21.
Rxf1 Ra8 22. Ke2 Ra2+ 23. Nd2 Nd4+ 24. Kd3 Nc2 25. cxb4 Nxa1 26. Rd1 Ra3+ 27.
Ke2 Nc2 28. Nc4 h6 29. Nxa3 Nxa3 30. h4 b5 31. h5 Nc2 32. Rb1 1-0

[Event "AUTO-OPEN-1580"]
[Site "http://www.queenalice.com/game.php?id=599570"]
[Date "2009.6.7"]
[Round "1"]
[White "amalcas"]
[Black "vilmar357"]
[Result "0-1"]
[WhiteElo "1618"]
[BlackElo "1584"]

1. e4 e5 2. Bc4 Nf6 3. Qf3 Nc6 4. Nh3 h6 5. Nc3 a6 6. g4 d6 7. Nd5 Be7 8. g5
Bxh3 9. gxf6 Bxf6 10. Nxf6+ gxf6 11. Qxh3 b5 12. Bd5 Qd7 13. Qxd7+ Kxd7 14. Bxf7
Nd4 15. Kd1 c6 16. c3 Raf8 17. cxd4 Rxf7 18. d5 f5 19. d3 fxe4 20. dxe4 Rxf2 21.
b4 h5 22. Bg5 Rg8 23. Be3 Rfg2 24. Rc1 Rc8 25. Rc2 Rxc2 26. Kxc2 cxd5+ 27. Kd3
dxe4+ 28. Kxe4 Rc4+ 0-1

[Event "Challenge"]
[Site "http://www.queenalice.com/game.php?id=599829"]
[Date "2009.6.7"]
[Round "-"]
[White "vilmar357"]
[Black "TD"]
[Result "1-0"]
[WhiteElo "1555"]
[BlackElo "1181"]

1. e4 e5 2. Nf3 d6 3. Nc3 Bg4 4. Bc4 Qe7 5. Nd5 Qe6 6. Nxc7+ Kd8 7. Bxe6 fxe6 8.
Nxa8 Nc6 9. h3 Nd4 10. hxg4 Nh6 11. Nxd4 Nxg4 12. Qxg4 exd4 13. Qxe6 g6 14. Qf6+
Ke8 15. Nc7+ 1-0

[Event "Challenge"]
[Site "http://www.queenalice.com/game.php?id=600802"]
[Date "2009.6.9"]
[Round "-"]
[White "vilmar357"]
[Black "foda"]
[Result "1-0"]
[WhiteElo "1600"]
[BlackElo "1226"]

1. e4 Nc6 2. Nc3 e5 3. Nf3 Bb4 4. a3 Bxc3 5. dxc3 Nf6 6. Bd3 O-O 7. Qe2 d5 8.
O-O dxe4 9. Bxe4 Bg4 10. h3 Bxf3 11. Qxf3 g5 12. Bxg5 Qd6 13. Bxf6 Qxf6 14. Qxf6
Rae8 15. Qf5 Ne7 16. Qxh7# 1-0

[Event "Challenge"]
[Site "http://www.queenalice.com/game.php?id=600811"]
[Date "2009.6.9"]
[Round "-"]
[White "vilmar357"]
[Black "alinemate"]
[Result "1-0"]
[WhiteElo "1587"]
[BlackElo "1030"]

1. e4 e5 2. Nf3 f6 3. a3 Nh6 4. Nc3 Bc5 5. h3 c6 6. Bc4 d5 7. exd5 b5 8. Ba2 Ba6
9. dxc6 Nxc6 10. b4 Bb6 11. Nd5 e4 12. Qe2 Ne7 13. Qxe4 Nf5 14. g4 Nd4 15. Nxd4
g5 16. Nc6 f5 17. Nf6+ Kf8 18. Nxd8 Rxd8 19. gxf5 1-0

[Event "Challenge"]
[Site "http://www.queenalice.com/game.php?id=601109"]
[Date "2009.6.10"]
[Round "-"]
[White "vilmar357"]
[Black "LeandroSouza"]
[Result "1-0"]
[WhiteElo "1599"]
[BlackElo "1585"]

1. e4 e5 2. Nf3 f6 3. a3 b6 4. Nc3 c6 5. b4 b5 6. Bd3 Bd6 7. O-O Ne7 8. Nh4 a5
9. Bb2 axb4 10. axb4 Rxa1 11. Bxa1 Bxb4 12. Na2 Bc5 13. c3 d5 14. Nf5 Nxf5 15.
exf5 e4 16. Qe2 Bxf5 17. Kh1 O-O 18. Bb1 Re8 19. Re1 Bd6 20. h3 Bc7 21. f3 exf3
22. Qxe8+ Qxe8 23. Rxe8+ Kf7 24. Re1 fxg2+ 25. Kxg2 Bxb1 26. Rxb1 Bf4 27. d4 g5
28. Kf3 Nd7 29. Re1 h5 30. Nb4 c5 31. Nxd5 Bd6 32. Bb2 cxd4 33. cxd4 b4 34. Re3
Nf8 35. Nb6 Bf4 36. Rb3 Bd6 37. Nc8 Ke6 38. Nxd6 Kxd6 39. Rxb4 Ng6 40. Ba3 Nf4
41. Kg3 Ne2+ 42. Kf3 Ng1+ 43. Kg2 Ne2 44. Rb2+ Kd5 45. Rxe2 Kxd4 46. Be7 Kd3 47.
Re6 f5 48. Bxg5 Kd4 49. Bf4 Kd5 50. Re5+ Kd4 51. Rxf5 Ke4 52. Rxh5 Kxf4 53. Ra5
Ke3 54. h4 Kd4 55. h5 Kc4 56. h6 Kb4 57. Rg5 Kc4 58. h7 Kd4 59. h8=Q+ Ke3 60.
Qf8 Kd4 61. Qd6+ Ke3 62. Re5+ Kf4 63. Qf6+ Kg4 64. Rg5+ Kh4 65. Qh6# 1-0

[Event "Challenge"]
[Site "http://www.queenalice.com/game.php?id=601347"]
[Date "2009.6.10"]
[Round "-"]
[White "vilmar357"]
[Black "GuaRDiaN"]
[Result "0-1"]
[WhiteElo "1600"]
[BlackElo "1637"]

1. e4 c5 2. Nc3 Nc6 3. Nf3 d6 4. Bc4 Nf6 5. a3 g6 6. Ng5 e6 7. Ba2 h6 8. Nf3 Bg7
9. O-O O-O 10. d3 a6 11. Be3 Ng4 12. Bd2 Nge5 13. h3 b5 14. Ne2 Nxf3+ 15. gxf3
Qh4 16. Nf4 Be5 17. Re1 Bxf4 18. Kf1 Qxh3+ 19. Ke2 Nd4# 0-1

[Event "Challenge"]
[Site "http://www.queenalice.com/game.php?id=614534"]
[Date "2009.7.7"]
[Round "-"]
[White "vilmar357"]
[Black "luciopac"]
[Result "0-1"]
[WhiteElo "1601"]
[BlackElo "2037"]

1. e4 d5 2. Nc3 d4 3. Nce2 Bg4 4. f3 Bh5 5. g4 Bg6 6. Nf4 e5 7. Nxg6 hxg6 8. d3
Qh4+ 9. Ke2 Nd7 10. Nh3 Qd8 11. Bg2 Ngf6 12. Bg5 Be7 13. c3 c5 14. Qb3 Qb6 15.
Qxb6 Nxb6 16. cxd4 cxd4 17. b3 Rc8 18. Rhd1 Kd7 19. a4 Rc2+ 20. Kf1 Rhc8 21. Nf2
Rb2 22. Rab1 Rcc2 23. Rxb2 Rxb2 24. Bh3 Rxb3 25. Bxf6 gxf6 26. Rc1 Rc3 27. Ra1
a5 28. Kg1 Kc6 29. Bf1 Ba3 30. Nd1 Rb3 31. Rc1+ Bxc1 0-1

[Event "Challenge"]
[Site "http://www.queenalice.com/game.php?id=614538"]
[Date "2009.7.7"]
[Round "-"]
[White "vilmar357"]
[Black "mudinho"]
[Result "0-1"]
[WhiteElo "1592"]
[BlackElo "1500"]

1. e4 Nf6 2. Nc3 d5 3. Nf3 Nxe4 4. Nxe4 dxe4 5. Ng1 Nc6 6. c3 Qd5 7. Qe2 Ne5 8.
c4 Qc6 9. c5 Nd3+ 10. Kd1 Qa4+ 11. b3 Qd4 12. Rb1 Nxf2+ 13. Ke1 Nxh1 14. Nh3
Qxc5 15. Qxe4 Bxh3 16. Qf3 Bf5 17. d3 Qc2 18. Ra1 Qc3+ 19. Kd1 Qxa1 20. Qxf5 e6
21. Qf3 c6 22. g3 Ba3 23. Qe3 Bxc1 0-1

[Event "Challenge"]
[Site "http://www.queenalice.com/game.php?id=614541"]
[Date "2009.7.7"]
[Round "-"]
[White "vilmar357"]
[Black "RobinL"]
[Result "1/2-1/2"]
[WhiteElo "1599"]
[BlackElo "1181"]

1. e4 e5 2. Nf3 Nc6 3. Nc3 d6 4. Bc4 Nf6 5. d3 Nd4 6. O-O Be6 7. Nd5 c6 8. c3
Nxf3+ 9. Qxf3 cxd5 10. exd5 Bg4 11. Qg3 Qe7 12. Re1 e4 13. a3 O-O-O 14. Bf4 Qc7
15. h3 Bf5 16. b4 exd3 17. Bxd3 Bxd3 18. Qxd3 Be7 19. a4 Rhe8 20. b5 Qc5 21. c4
Nh5 22. Be3 Qb4 23. g3 h6 24. Bxa7 Bf6 25. Rxe8 Rxe8 26. Qf5+ Kc7 27. b6+ Kd8
28. Qxh5 Re1+ 29. Rxe1 Qxe1+ 30. Kg2 g6 31. Qxh6 Bd4 32. Qf8+ Kd7 33. Qxf7+ Kd8
34. Qf4 Bc5 35. Qf8+ Kd7 36. Qf7+ Kd8 1/2-1/2

[Event "Challenge"]
[Site "http://www.queenalice.com/game.php?id=614549"]
[Date "2009.7.7"]
[Round "-"]
[White "vilmar357"]
[Black "Brunao"]
[Result "1-0"]
[WhiteElo "1603"]
[BlackElo "1452"]

1. e4 e5 2. Nf3 d6 3. Nc3 c6 4. Bc4 b5 5. Bb3 b4 6. Na4 Qf6 7. d3 Nd7 8. Be3 c5
9. Qd2 Qg6 10. Nh4 Qg4 11. Bg5 f6 12. f3 Qxg5 13. Qxg5 fxg5 14. Nf5 g6 15. Ng3
h5 16. h4 gxh4 17. Rxh4 Ngf6 18. O-O-O 1-0

[Event "Challenge"]
[Site "http://www.queenalice.com/game.php?id=614996"]
[Date "2009.7.8"]
[Round "-"]
[White "vilmar357"]
[Black "Krajnicov"]
[Result "1-0"]
[WhiteElo "1572"]
[BlackElo "1425"]

1. e4 e5 2. Nf3 Qf6 3. Nc3 c6 4. Bc4 Bc5 5. O-O h6 6. d3 g5 7. g3 g4 8. Nh4 h5
9. a3 Be7 10. f3 Bc5+ 11. Kh1 Qd6 12. fxg4 Rh7 13. gxh5 Qd4 14. Nf5 Qxc3 15.
bxc3 Nf6 16. Nh6 d5 17. exd5 Nxd5 18. Bxd5 cxd5 19. d4 exd4 20. cxd4 Bd6 21.
Qe2+ Kd8 22. Nxf7+ Kc7 23. Nxd6 Kxd6 24. Rf6+ Kc7 25. Qe8 Bd7 26. Bf4# 1-0

[Event "Challenge"]
[Site "http://www.queenalice.com/game.php?id=615078"]
[Date "2009.7.8"]
[Round "-"]
[White "vilmar357"]
[Black "H_express"]
[Result "0-1"]
[WhiteElo "1613"]
[BlackElo "1481"]

1. e4 c5 2. Nf3 e6 3. Ne5 Nc6 4. Qh5 Nh6 5. d4 Nxe5 6. dxe5 d6 7. Bb5+ Bd7 8.
Bxd7+ Qxd7 9. Bxh6 gxh6 10. O-O O-O-O 11. Rd1 Rg8 12. Nc3 Qc6 13. f3 d5 14. Qh4
d4 15. a3 Qc7 16. Nb5 Qb6 17. a4 a6 18. Rd3 axb5 19. axb5 Kb8 20. b3 Rd7 21. c4
Qc7 22. Rd2 Qxe5 23. Rda2 Kc7 24. Qg3 Rxg3 25. hxg3 Qxg3 26. Ra7 Qg7 27. R1a6 d3
28. Rc6+ Kb8 0-1

[Event "Challenge"]
[Site "http://www.queenalice.com/game.php?id=615701"]
[Date "2009.7.9"]
[Round "-"]
[White "vilmar357"]
[Black "PedroBritto"]
[Result "1-0"]
[WhiteElo "1589"]
[BlackElo "1468"]

1. e4 e5 2. Nf3 Nc6 3. Nc3 d6 4. Bc4 Nh6 5. d3 Nb4 6. a3 Nc6 7. Bxh6 gxh6 8. O-O
Rg8 9. h3 h5 10. Ba2 Qf6 11. Nd5 Qd8 12. b4 Nd4 13. Nxd4 exd4 14. Qf3 c6 15. Nb6
axb6 16. Qxf7# 1-0

[Event "Challenge"]
[Site "http://www.queenalice.com/game.php?id=615709"]
[Date "2009.7.9"]
[Round "-"]
[White "vilmar357"]
[Black "Kirim"]
[Result "0-1"]
[WhiteElo "1614"]
[BlackElo "1520"]

1. e4 e5 2. Nf3 Nc6 3. Nc3 Nf6 4. Bc4 h6 5. d3 Bb4 6. Bd2 d6 7. a3 Bc5 8. h3 Be6
9. Bxe6 fxe6 10. O-O Qd7 11. Qe2 d5 12. Rad1 O-O-O 13. Be3 d4 14. Na4 b6 15. Bd2
Na5 16. Nxc5 bxc5 17. Bxa5 Qb5 18. Nxe5 Kb7 19. Nf7 Qxa5 20. Nxd8+ Rxd8 21. Qf3
Kc8 22. e5 Nd7 23. Qa8+ Nb8 24. Ra1 Qb6 25. Qe4 Qxb2 26. Rfc1 Rf8 27. f3 Kd7 28.
a4 Nc6 29. Rab1 Qa3 30. Rb3 Qxc1+ 31. Kh2 Qxc2 32. Rb7 Qxa4 33. f4 Qa6 34. Rb1
g5 35. Rf1 gxf4 36. Rxf4 Rxf4 37. Qxf4 Qxd3 38. Qf7+ Ne7 39. Qg7 Qe3 40. h4 d3
41. g4 d2 0-1

[Event "Challenge"]
[Site "http://www.queenalice.com/game.php?id=673089"]
[Date "2009.10.27"]
[Round "-"]
[White "vilmar357"]
[Black "Admilton"]
[Result "0-1"]
[WhiteElo "1583"]
[BlackElo "1460"]

1. e4 e5 2. Nf3 Qf6 3. a3 d6 4. h3 a6 5. Nc3 c6 6. Bc4 b5 7. Ba2 Be6 8. b3 d5 9.
d3 d4 10. Ne2 Qg6 11. Ng3 f6 12. Qe2 Qf7 13. c4 b4 14. Bb1 Ne7 15. axb4 Ng6 16.
Bd2 Qb7 17. Ra4 Ne7 18. Ba2 Nc8 19. c5 Qb5 20. O-O a5 21. Be1 Na6 22. Rxa5 Qb7
23. Kh1 Qxb4 24. Bxb4 g5 25. Nh5 Be7 26. Ng7+ Kf7 27. Nh5 Ke8 0-1

[Event "Challenge"]
[Site "http://www.queenalice.com/game.php?id=673091"]
[Date "2009.10.27"]
[Round "-"]
[White "vilmar357"]
[Black "francksc"]
[Result "0-1"]
[WhiteElo "1562"]
[BlackElo "1508"]

1. e4 e5 2. Nf3 d6 3. h3 c5 4. d3 b6 5. Nc3 Nc6 6. a3 Nf6 7. Be2 Be7 8. O-O a6
9. Bd2 b5 10. Na2 O-O 11. Nh2 c4 12. dxc4 bxc4 13. Bxc4 Nxe4 14. Bd5 Bf5 0-1

[Event "Challenge"]
[Site "http://www.queenalice.com/game.php?id=677991"]
[Date "2009.11.5"]
[Round "-"]
[White "vilmar357"]
[Black "gustavo6633"]
[Result "1-0"]
[WhiteElo "1577"]
[BlackElo "1322"]

1. e4 e5 2. Nf3 Nf6 3. Qe2 d6 4. h3 Qe7 5. Nc3 c6 6. d3 d5 7. Bg5 Nbd7 8. exd5
Qb4 9. dxc6 bxc6 10. Nxe5 Qe7 11. Nxd7 Bxd7 12. Qxe7+ Bxe7 13. Be2 O-O-O 14. O-O
Rhe8 15. Bf3 Ng8 16. Bd2 c5 17. Nd5 Bh4 18. Rae1 c4 19. dxc4 Bc6 20. Bg4+ Bd7
21. Rxe8 Rxe8 22. Bxd7+ Kxd7 23. Bb4 Nh6 24. Bc5 Nf5 25. Bxa7 Nd4 26. c3 Ne2+
27. Kh1 Re5 28. g3 Rg5 29. gxh4 Rf5 30. Kg2 h6 31. Re1 Nf4+ 32. Kg3 f6 33. Nxf4
g5 34. Kg4 Ra5 35. hxg5 fxg5 36. Bb6 Ra6 37. Rd1+ Ke7 38. Nd5+ Kf7 39. Bd4 Rd6
40. Kf5 Ke8 41. Re1+ Kd8 42. Bf6+ Kd7 43. Re7+ Kc6 44. Rc7# 1-0